000 00766nam a2200205 a 4500
003 0
005 20250407083729.0
008 050809s19uu xx 00 eng d
050 _aPGS HQ 784.I58
_b.M115 2005
100 _aMacaraeg, Kathrine Michelle.
245 _aInternet chatting habits of grade 5 and 6 students of SISC /
_cKathrine Michelle Macaraeg.
260 _aLas PiƱas City, Philippines :
_bSouthville International School and Colleges,
_c2005.
300 _a22 pages :
_billustrations ;
_c28 cm.
504 _aIncludes bibliographic references.
650 _aInternet and children
_vSocial aspects.
650 _aOnline chat groups
_vSocial aspects.
650 _aStudy skills.
650 _aTime management
_vChildren.
942 _2lcc
_cPASS
999 _c97390
_d97390